| 000 | 00779nam a22002297a 4500 | ||
|---|---|---|---|
| 003 | UA-OsUOA | ||
| 001 | 137388 | ||
| 007 | ta | ||
| 008 | 20190515b un ||||| |||| 00| 0 ukr d | ||
| 090 |
_a94(477)"1939/1945" _bВ55 |
||
| 942 | _cBK | ||
| 040 |
_aUA-OsUOA _bukr _cUA-OsUOA _dUA-OsUOA |
||
| 245 |
_aВійна і міф. Невідома Друга світова _cза заг. ред. О. Зінченка, В. В'ятровича, М. Майорова |
||
| 300 | _a272 с. | ||
| 955 | _a1 | ||
| 041 | _aukr | ||
| 080 | _a94(477)"1939/1945" | ||
| 020 | _a978-966-14-9085-6 | ||
| 260 |
_aХарків _bКлуб Сімейного Дозвілля _c2016 |
||
| 650 | 7 |
_a9 Географія. Біографії. Історія _2UDC |
|
| 999 |
_c420455 _d420455 |
||